000 00503nam a22001697a 4500
003 OSt
008 240122b1999 |||||||| |||| 00| 0 eng d
082 _a158.2
_bBIS-A
100 _aBishop, Sue
245 _aAssertiveness skills training :
_ba sourcebook of activities /
_cSue Bishop.
260 _aLondon :
_bViva Books Private Limited ,
_c1999.
300 _a254 p. ;
650 _aAssertiveness training
650 _aEducation
650 _aInterpersonal relations in adolescence
942 _2ddc
_cBK
999 _c20151
_d20151